000 00722nam a22002177a 4500
999 _c5472
_d5472
003 AR-CdUCM
008 190312b ||||| |||| 00| 0 spa d
040 _aMUNICIPALIDAD PROVINCIAL DEL CUSCO
_cBIBLIOTECA MUNICIPAL DEL CUSCO
082 _a129.43 /
_bL95
100 _aLukács, Georg
_913104
245 _aSignificación actual del realismo crítico /
260 _aMexico :
_bEra,
_c1963.
300 _a181 páginas ;
_c19 cm.
505 _aLos principios ideológicos del vanguardismo -- El realismo crítico de la sociedad socialista...
650 _aRealismo.
_9520
650 _aSocialismo.
_91037
650 _aRealismo crítico.
_9349
650 _aFranz Kafka.
_915685
942 _2ddc
_cLIBROS
945 _awfj